Geography Stad VIII (Record no. 246961)

MARC details
000 -LEADER
fixed length control field 00267pam a2200133 a 4500
020 ## - INTERNATIONAL STANDARD BOOK NUMBER
Terms of availability
041 ## - LANGUAGE CODE
Language code of original
100 ## - MAIN ENTRY--PERSONAL NAME
Personal name Dr. V. S. Phadake
245 ## - TITLE STATEMENT
Title Geography Stad VIII
Medium Textual Documents
260 ## - PUBLICATION, DISTRIBUTION, ETC.
Date of publication, distribution, etc. 1994
300 ## - PHYSICAL DESCRIPTION
Extent 59
653 ## - INDEX TERM--UNCONTROLLED
Uncontrolled term Geography
930 ## - EQUIVALENCE OR CROSS-REFERENCE-UNIFORM TITLE HEADING [LOCAL, CANADA]
Uniform title 1108
Holdings
Withdrawn status Lost status Damaged status Not for loan Home library Current library Date acquired Source of acquisition Total Checkouts Full call number Barcode Date last seen Copy number Price effective from Koha item type
        Institute of Environment Education & Research, Pune Institute of Environment Education & Research, Pune 19/09/2011   EVP-90 03/04/2023 1 03/04/2023 Book